00642cam a2200181 4500001001100000008004100011035001500052050002400067100002900091245007800120260002500198300001700223440006900240500004300309504004300352650003700395700002800432BUCI004646 t19761976mx a spa  aBUCI00464600aDS777.55 bC64 19761 aCollotti Pischel, Enrica13aLa Revolución China /cEnrica Collotti Pischel , tr. Ana María Palos. aMexico :bEra,c1976 av. ;c20 cm. 0aHistoria de las revoluciones del siglo XX. El hombre y su tiempo aTraducción de: La rivoluzione cinese aIncluye índice e índice de nombres10aComunismo xRevolución zChina1 aPalos, Ana María, tr.